Самые дорогие в СНГ 2021 Quiz Stats

 Plays Quiz not verified by Sporcle

Support Sporcle.
Go Orange.
Score 0/29 Timer 12:00
1 Play Today
Цена (млн евро) Футболист % Correct
17Алексей Миранчук
86.3%
14Антон Миранчук
86.3%
23Александр Головин
85.6%
20Генрих Мхитарян
79.5%
12Артём Дзюба
77.3%
21Руслан Малиновский
76.6%
20Александр Зинченко
65%
18Марио Фернандес
59.8%
9Георгий Джикия
53.7%
15Хвича Кварацхелия
52.9%
15Матвей Сафонов
51.4%
12Александр Максименко
47.9%
11Фёдор Чалов
47.3%
13Роман Зобнин
45.5%
9Александр Соболев
42.7%
Цена (млн евро) Футболист % Correct
7Далер Кузяев
33.4%
7Ярослав Ракицкий
30.8%
7Эльдор Шомуродов
30.8%
7,5Иван Обляков
30.3%
24Виктор Цыганков
29.3%
8Магомед-Шапи Сулейманов
29.1%
12Дмитрий Баринов
28.5%
13Роман Яремчук
24.3%
7Марлос
19.6%
15Виталий Миколенко
16.9%
8Тарас Степаненко
16.9%
7Анатолий Трубин
15.4%
11Николай Матвиенко
14.5%
7,5Владислав Супряга
9.5%

You're not logged in!

Compare scores with friends on all Sporcle quizzes.
OR
Log In

From the Vault

Almost Useless Science Trivia

by beachybum28

Science!? When are we ever going to use science anyway?
Remove Ads.
Support Sporcle.
Get the best of Sporcle when you Go Orange. This ad-free experience offers more features, more stats, and more fun while also helping to support Sporcle. Thank you for becoming a member.

Show Comments

Extras

Top Quizzes Today


Score Distribution

Your Account Isn't Verified!

In order to create a playlist on Sporcle, you need to verify the email address you used during registration. Go to your Sporcle Settings to finish the process.

Report this User

Report this user for behavior that violates our Community Guidelines.

Details: